| 000 | 00441pab a2200169 454500 | ||
|---|---|---|---|
| 008 | 180718b2014 xxu||||| |||| 00| 0 eng d | ||
| 100 | _aEmran, M. Shahe | ||
| 245 | _aEducation and freedom of choice: Evidence from arranged marriages in Vietnam | ||
| 260 | _c2014 | ||
| 300 | _ap.481-501. | ||
| 362 | _aApr | ||
| 650 | _aMarriage | ||
| 650 | _aEducation | ||
| 773 | _aJournal of Development Studies | ||
| 908 | _aN | ||
| 909 | _a104698 | ||
| 999 |
_c104693 _d104693 |
||